[Event "Titled Tuesday intern op 5th Sept"]
[Site "Chess.com INT"]
[Date "2017.09.05"]
[Round "6"]
[White "D'Innocente, Stefano"]
[Black "Bakr, Hapez"]
[Result "1-0"]
[WhiteElo "2261"]
[BlackElo "1872"]
[PlyCount "53"]
[EventDate "2017.09.05"]
[EventType "swiss (blitz)"]
[EventRounds "10"]
[EventCountry "USA"]
[SourceTitle "EXT 2021"]
[Source "ChessBase"]
[SourceDate "2020.10.23"]
[SourceVersion "1"]
[SourceVersionDate "2020.10.23"]
[SourceQuality "1"]

1. e4 c5 2. Nf3 d6 3. d4 cxd4 4. Nxd4 Nf6 5. f3 a6 6. c4 e5 7. Nc2 Be7 8. Nc3 Be6 9. Be3 Qc7 10. Na3 0-0 11. Be2 Nbd7 12. 0-0 Rac8 13. Rc1 Qa5 14. Qd2 Rfe8 15. Nd5 Qxd2 16. Nxe7+ Rxe7 17. Bxd2 Rc7 18. Rfd1 Re8 19. Bb4 Rec8 20. Bxd6 Rc6 21. b4 Nb6 22. Bxe5 Nfd7 23. Bb2 f6 24. c5 Na4 25. Bd4 b6 26. Bxa6 bxc5 27. Bxc8 1-0

[Event "Titled Tuesday intern op 5th Sept"]
[Site "Chess.com INT"]
[Date "2017.09.05"]
[Round "1"]
[White "Sadhwani, Raunak"]
[Black "D'Innocente, Stefano"]
[Result "1-0"]
[WhiteElo "2339"]
[BlackElo "2261"]
[PlyCount "53"]
[EventDate "2017.09.05"]
[EventType "swiss (blitz)"]
[EventRounds "10"]
[EventCountry "USA"]
[SourceTitle "EXT 2021"]
[Source "ChessBase"]
[SourceDate "2020.10.23"]
[SourceVersion "1"]
[SourceVersionDate "2020.10.23"]
[SourceQuality "1"]

1. e4 c5 2. Nf3 d6 3. d4 cxd4 4. Nxd4 Nf6 5. Nc3 a6 6. h3 e6 7. g4 d5 8. e5 Nfd7 9. f4 Nc6 10. Be3 Bc5 11. Qd2 0-0 12. Bg2 Nxd4 13. Bxd4 b5 14. 0-0 Bb7 15. Kh1 Qb6 16. Ne2 b4 17. c3 a5 18. f5 exf5 19. gxf5 Rfe8 20. f6 Nxe5 21. fxg7 Bxd4 22. Nxd4 Ba6 23. Rf4 Nc4 24. Qf2 Ne3 25. Rg1 Re7 26. Nf5 Re6 27. Nxe3 1-0

[Event "Titled Tuesday intern op 1st Aug"]
[Site "Chess.com INT"]
[Date "2017.08.01"]
[Round "9"]
[White "D'Innocente, Stefano"]
[Black "Shymanskyi, Oleksandr"]
[Result "0-1"]
[WhiteElo "2261"]
[BlackElo "2329"]
[PlyCount "62"]
[EventDate "2017.08.01"]
[EventType "swiss (blitz)"]
[EventRounds "10"]
[EventCountry "USA"]
[SourceTitle "EXT 2021"]
[Source "ChessBase"]
[SourceDate "2020.10.23"]
[SourceVersion "1"]
[SourceVersionDate "2020.10.23"]
[SourceQuality "1"]

1. e4 d5 2. exd5 Nf6 3. Bb5+ Bd7 4. Be2 Nxd5 5. d4 Bf5 6. Nf3 e6 7. 0-0 Be7 8. c4 Nb4 9. Na3 0-0 10. Qb3 N8c6 11. Be3 a5 12. Rfd1 a4 13. Qc3 Bf6 14. Ne5 Qe7 15. Bf3 Rfd8 16. h3 h6 17. g4 Bh7 18. Bg2 Ra5 19. f4 g5 20. Nxc6 bxc6 21. c5 Rb8 22. Rf1 Ra7 23. f5 exf5 24. gxf5 Nd5 25. Bxd5 cxd5 26. Rf2 Re8 27. Bd2 c6 28. Re1 Qd8 29. Rxe8+ Qxe8 30. Nc2 Qe4 31. Ne3 Bxd4 0-1

[Event "Titled Tuesday intern op 4th July"]
[Site "Chess.com INT"]
[Date "2017.07.04"]
[Round "2"]
[White "Husbands, Orlando"]
[Black "D'Innocente, Stefano"]
[Result "1-0"]
[WhiteElo "2300"]
[BlackElo "2261"]
[PlyCount "49"]
[EventDate "2017.07.04"]
[EventType "swiss (blitz)"]
[EventRounds "10"]
[EventCountry "USA"]
[SourceTitle "EXT 2021"]
[Source "ChessBase"]
[SourceDate "2020.10.23"]
[SourceVersion "1"]
[SourceVersionDate "2020.10.23"]
[SourceQuality "1"]

1. e4 e5 2. Nf3 Nc6 3. d4 exd4 4. Nxd4 Nf6 5. Nxc6 bxc6 6. e5 Qe7 7. Qe2 Nd5 8. c4 Ba6 9. b3 g6 10. f4 Bg7 11. Qf2 Nb6 12. Ba3 Qe6 13. Nc3 f6 14. Bd3 fxe5 15. f5 Qf7 16. 0-0 0-0-0 17. f6 Bf8 18. Bxf8 Rhxf8 19. Ne4 d6 20. Ng5 Qd7 21. f7 Qe7 22. Nxh7 e4 23. Nxf8 Rxf8 24. Bxe4 Qxe4 25. Rae1 1-0

[Event "Titled Tuesday intern op 6th June"]
[Site "Chess.com INT"]
[Date "2017.06.06"]
[Round "1"]
[White "D'Innocente, Stefano"]
[Black "Corrales Jimenez, Fidel"]
[Result "0-1"]
[WhiteElo "2261"]
[BlackElo "2521"]
[PlyCount "144"]
[EventDate "2017.06.06"]
[EventType "swiss (blitz)"]
[EventRounds "10"]
[EventCountry "USA"]
[SourceTitle "EXT 2021"]
[Source "ChessBase"]
[SourceDate "2020.10.23"]
[SourceVersion "1"]
[SourceVersionDate "2020.10.23"]
[SourceQuality "1"]

1. e4 c5 2. Nf3 d6 3. d4 cxd4 4. Nxd4 Nf6 5. Nc3 a6 6. f3 e6 7. Be3 b5 8. Qd2 Nbd7 9. g4 Nb6 10. g5 Nfd7 11. 0-0-0 b4 12. Nb1 d5 13. Nc6 Qc7 14. Nxb4 a5 15. Bxb6 Qxb6 16. Nd3 dxe4 17. fxe4 Be7 18. Nc3 0-0 19. h4 Bb7 20. Bg2 Nc5 21. Nxc5 Qxc5 22. Kb1 Rad8 23. Qe2 Bd6 24. Qb5 Bc6 25. Qxc5 Bxc5 26. Rxd8 Rxd8 27. Rd1 Rb8 28. b3 Kf8 29. h5 g6 30. hxg6 hxg6 31. Rd3 Ke7 32. Bf3 Rh8 33. Kb2 Rh2 34. e5 Bxf3 35. Rxf3 Bd4 36. a3 Bxe5 37. b4 axb4 38. axb4 Rg2 39. Kb3 Rxg5 40. Ne4 Rg4 41. Nc5 f5 42. b5 Bd6 43. Nd3 e5 44. Rf1 e4 45. Nb2 f4 46. Nc4 e3 47. b6 e2 48. Re1 f3 49. Nd2 Rg3 50. Kc4 Kd7 51. Nxf3 Rxf3 52. Rxe2 Kc6 53. Re6 g5 54. b7 Rf8 55. Rg6 Rb8 56. Rxg5 Rxb7 57. Rg6 Rb4+ 58. Kd3 Rh4 59. Rf6 Kd5 60. Rf5+ Be5 61. Rf3 Rc4 62. Rf5 Rc3+ 63. Kd2 Rh3 64. Rf2 Bc3+ 65. Ke2 Ke4 66. Rg2 Be5 67. Rg4+ Bf4 68. Rg2 Rc3 69. Kd1 Ra3 70. Ke2 Ra2 71. Kd1 Kf3 72. Rg8 Ra1# 0-1

[Event "Titled Tuesday intern op 6th June"]
[Site "Chess.com INT"]
[Date "2017.06.06"]
[Round "5"]
[White "D'Innocente, Stefano"]
[Black "Pavlov, Aleksandr"]
[Result "1-0"]
[WhiteElo "2261"]
[BlackElo "2269"]
[PlyCount "87"]
[EventDate "2017.06.06"]
[EventType "swiss (blitz)"]
[EventRounds "10"]
[EventCountry "USA"]
[SourceTitle "EXT 2021"]
[Source "ChessBase"]
[SourceDate "2020.10.23"]
[SourceVersion "1"]
[SourceVersionDate "2020.10.23"]
[SourceQuality "1"]

1. Nf3 Nf6 2. g3 c5 3. Bg2 d5 4. 0-0 Nc6 5. d4 e6 6. c4 Be7 7. cxd5 exd5 8. Nc3 0-0 9. dxc5 Bxc5 10. b3 Be6 11. Bb2 a6 12. Na4 Ba7 13. Nd4 Rc8 14. e3 Qe7 15. Rc1 Nxd4 16. Bxd4 Rxc1 17. Qxc1 Bxd4 18. exd4 Rc8 19. Qd2 Qa3 20. Nc5 b6 21. Nxe6 fxe6 22. Qe2 Rc6 23. Bh3 Kf7 24. Re1 Ne4 25. Qh5+ Kg8 26. Qe8+ Qf8 27. Bxe6+ Rxe6 28. Qxe6+ Kh8 29. Re2 h6 30. Qxd5 Nc3 31. Qe5 Nxe2+ 32. Qxe2 Qf5 33. h4 b5 34. Qd2 Qd5 35. Qf4 Qc6 36. Qf8+ Kh7 37. Qf5+ Kg8 38. d5 Qc1+ 39. Kg2 Qd2 40. Qe6+ Kh7 41. d6 b4 42. d7 a5 43. h5 Qd4 44. Qg6+ 1-0

[Event "Titled Tuesday intern op 6th June"]
[Site "Chess.com INT"]
[Date "2017.06.06"]
[Round "8"]
[White "Stefansson, Vignir Vatnar"]
[Black "D'Innocente, Stefano"]
[Result "1/2-1/2"]
[WhiteElo "2334"]
[BlackElo "2261"]
[PlyCount "152"]
[EventDate "2017.06.06"]
[EventType "swiss (blitz)"]
[EventRounds "10"]
[EventCountry "USA"]
[SourceTitle "EXT 2021"]
[Source "ChessBase"]
[SourceDate "2020.10.23"]
[SourceVersion "1"]
[SourceVersionDate "2020.10.23"]
[SourceQuality "1"]

1. d4 Nf6 2. c4 g6 3. Nc3 d5 4. cxd5 Nxd5 5. Na4 Bg7 6. e4 Nb6 7. Be3 0-0 8. Be2 Nc6 9. Nf3 Bg4 10. e5 f6 11. Nc5 fxe5 12. Qb3+ Kh8 13. dxe5 Qd5 14. h3 Qxb3 15. axb3 Bxf3 16. Bxf3 Nxe5 17. Bxb7 Rab8 18. Be4 Ned7 19. Ne6 Bxb2 20. Rxa7 Rfc8 21. Rxc7 Rxc7 22. Nxc7 Rc8 23. Nb5 Bc1 24. Bb7 Rb8 25. Bxc1 Rxb7 26. 0-0 Kg7 27. Bb2+ Kf7 28. Re1 Nf6 29. Bxf6 Kxf6 30. Nd4 Kf7 31. f4 Nd5 32. g3 Rb4 33. Rd1 Ne3 34. Rd3 Nd5 35. Nc6 Rb5 36. Ne5+ Kf6 37. Kf2 Nb4 38. Rc3 Nd5 39. Rc6+ Kg7 40. Rc8 Rxb3 41. Rd8 Rb5 42. Kf3 Rb3+ 43. Kg4 Nf6+ 44. Kh4 Rb7 45. g4 h6 46. Rd4 Rb5 47. g5 hxg5+ 48. Kxg5 Nh7+ 49. Kh4 g5+ 50. Kg4 gxf4 51. Kxf4 Nf6 52. Rd2 Rb4+ 53. Kf5 Rb5 54. Rg2+ Kf8 55. Ke6 Rb6+ 56. Kf5 Rb5 57. h4 Nd7 58. Re2 Nxe5 59. Rxe5 Rb4 60. h5 Kf7 61. Kg5 Rb1 62. Rf5+ Kg8 63. Kg6 Rg1+ 64. Kh6 Rg2 65. Re5 Kf7 66. Kh7 Kf6 67. Re3 e5 68. h6 Kf5 69. Kh8 e4 70. h7 Kf4 71. Ra3 e3 72. Ra7 e2 73. Rf7+ Ke3 74. Re7+ Kd2 75. Re6 e1Q 76. Rxe1 Kxe1 1/2-1/2

[Event "Titled Tuesday intern op 2nd May"]
[Site "Chess.com INT"]
[Date "2017.05.02"]
[Round "8"]
[White "D'Innocente, Stefano"]
[Black "Sahl, Bjarke"]
[Result "1-0"]
[WhiteElo "2261"]
[BlackElo "2333"]
[PlyCount "61"]
[EventDate "2017.05.02"]
[EventType "swiss (blitz)"]
[EventRounds "10"]
[EventCountry "USA"]
[SourceTitle "EXT 2021"]
[Source "ChessBase"]
[SourceDate "2020.10.23"]
[SourceVersion "1"]
[SourceVersionDate "2020.10.23"]
[SourceQuality "1"]

1. Nf3 c5 2. c4 Nc6 3. Nc3 e5 4. e3 d6 5. d4 cxd4 6. exd4 Bg4 7. Be2 Be7 8. 0-0 Bxf3 9. Bxf3 Nxd4 10. Bxb7 Rb8 11. Bd5 Nf6 12. b3 0-0 13. Be3 Nxd5 14. Nxd5 Nc6 15. Qd2 h6 16. Rad1 Bg5 17. f4 exf4 18. Bxf4 Ne5 19. Kh1 Bxf4 20. Qxf4 Re8 21. h3 Re6 22. Nc3 Qa5 23. Qd4 Rbe8 24. Qd2 Nc6 25. Rf2 Ne5 26. Nd5 Qxd2 27. Rfxd2 Rc8 28. Kg1 f6 29. Kf2 Nf7 30. Re2 Re5 31. Rxe5 1-0

[Event "Titled Tuesday intern op 2nd May"]
[Site "Chess.com INT"]
[Date "2017.05.02"]
[Round "3"]
[White "Dieyi, Roland"]
[Black "D'Innocente, Stefano"]
[Result "0-1"]
[WhiteElo "2138"]
[BlackElo "2261"]
[PlyCount "130"]
[EventDate "2017.05.02"]
[EventType "swiss (blitz)"]
[EventRounds "10"]
[EventCountry "USA"]
[SourceTitle "EXT 2021"]
[Source "ChessBase"]
[SourceDate "2020.10.23"]
[SourceVersion "1"]
[SourceVersionDate "2020.10.23"]
[SourceQuality "1"]

1. d4 Nf6 2. Nf3 d5 3. c4 c6 4. Nc3 a6 5. e3 b5 6. c5 Bg4 7. Bd3 Nbd7 8. b4 e5 9. Be2 e4 10. Nd2 Bxe2 11. Qxe2 Be7 12. 0-0 0-0 13. Nb3 Qc8 14. a4 Bd8 15. axb5 axb5 16. Bd2 Bc7 17. Rxa8 Qxa8 18. Ra1 Qb7 19. Be1 Ra8 20. Ra2 h5 21. h3 Bb8 22. Rxa8 Qxa8 23. Qa2 Qb7 24. Qa5 Bc7 25. Qa2 Kf8 26. Na5 Qa6 27. Qa3 Ke8 28. Qa2 Kd8 29. Nb3 Qb7 30. Na5 Qa6 31. Ne2 Kc8 32. Kf1 g6 33. Kg1 Bb8 34. Nf4 g5 35. Ne2 g4 36. hxg4 hxg4 37. Nc1 Ne8 38. g3 Ng7 39. Ncb3 Ne6 40. Qe2 f5 41. Kg2 Ng5 42. Qf1 Bc7 43. Qh1 Nh3 44. Kf1 Kd8 45. Ke2 Ke7 46. Bc3 Kf7 47. Qa1 Nf6 48. Qh1 Kg6 49. Qa1 Qa8 50. Qh1 Nh5 51. Be1 Qe8 52. Bd2 Bxg3 53. Qa1 Bc7 54. Nb7 Qb8 55. Qa6 g3 56. fxg3 Nxg3+ 57. Kd1 Kg5 58. Qxc6 Kg4 59. Qxd5 Kf3 60. c6 Qa8 61. N3a5 Bxa5 62. bxa5 Qc8 63. Qxb5 f4 64. exf4 e3 65. Qd5+ Kf2 0-1

[Event "Titled Tuesday intern op 2nd May"]
[Site "Chess.com INT"]
[Date "2017.05.02"]
[Round "6"]
[White "Sevian, Samuel"]
[Black "D'Innocente, Stefano"]
[Result "1-0"]
[WhiteElo "2585"]
[BlackElo "2261"]
[PlyCount "51"]
[EventDate "2017.05.02"]
[EventType "swiss (blitz)"]
[EventRounds "10"]
[EventCountry "USA"]
[SourceTitle "EXT 2021"]
[Source "ChessBase"]
[SourceDate "2020.10.23"]
[SourceVersion "1"]
[SourceVersionDate "2020.10.23"]
[SourceQuality "1"]

1. d4 d5 2. c4 e6 3. Nc3 Nf6 4. Bg5 Be7 5. Nf3 0-0 6. e3 Ne4 7. Bxe7 Qxe7 8. Rc1 c6 9. Qc2 Nxc3 10. Qxc3 Nd7 11. cxd5 exd5 12. Bd3 Nf6 13. 0-0 Ne4 14. Bxe4 dxe4 15. Nd2 f5 16. b4 Be6 17. a4 Bd5 18. Nc4 Kh8 19. Ne5 a6 20. Qc5 Qg5 21. g3 Rf6 22. b5 axb5 23. axb5 Rh6 24. bxc6 bxc6 25. Qxd5 cxd5 26. Nf7+ 1-0

[Event "Titled Tuesday intern Qual1 4th April"]
[Site "Chess.com INT"]
[Date "2017.04.04"]
[Round "2"]
[White "Kepeshchuk, Mykhaylo"]
[Black "D'Innocente, Stefano"]
[Result "1-0"]
[WhiteElo "2269"]
[BlackElo "2261"]
[PlyCount "101"]
[EventDate "2017.04.04"]
[EventType "swiss (blitz)"]
[EventRounds "10"]
[EventCountry "USA"]
[SourceTitle "EXT 2021"]
[Source "ChessBase"]
[SourceDate "2020.10.23"]
[SourceVersion "1"]
[SourceVersionDate "2020.10.23"]
[SourceQuality "1"]

1. c4 c6 2. d4 d5 3. Nc3 Nf6 4. cxd5 cxd5 5. Nf3 Nc6 6. Bf4 a6 7. e3 Bg4 8. Be2 e6 9. 0-0 Bd6 10. Bxd6 Qxd6 11. Rc1 0-0 12. Na4 Nd7 13. Nd2 Bxe2 14. Qxe2 Rfc8 15. Nb3 b5 16. Nac5 Nb6 17. Nd2 e5 18. dxe5 Nxe5 19. Nd3 Nbc4 20. b3 Nxd3 21. Qxd3 Qa3 22. Rc2 Nxd2 23. Rxd2 Rd8 24. Rfd1 g6 25. h4 h5 26. Qe2 Rac8 27. Rxd5 Rxd5 28. Rxd5 Qc1+ 29. Rd1 Rc2 30. Rxc1 Rxe2 31. a4 bxa4 32. bxa4 Ra2 33. Rc4 Kf8 34. f3 a5 35. Kh2 Ke7 36. e4 Kd6 37. Kg3 Ke6 38. Rd4 Ke7 39. Kf4 Rxg2 40. Rd5 Ra2 41. Rxa5 Ke6 42. Ra6+ Ke7 43. Kg5 Ra3 44. Ra7+ Ke6 45. Kf4 f6 46. a5 Ra4 47. a6 Ra3 48. Ra8 g5+ 49. hxg5 fxg5+ 50. Kxg5 Rxf3 51. a7 1-0

[Event "Titled Tuesday intern op 3rd Jan 10am"]
[Site "Chess.com INT"]
[Date "2017.01.03"]
[Round "1"]
[White "Bachmann, Axel"]
[Black "D'Innocente, Stefano"]
[Result "1-0"]
[WhiteElo "2628"]
[BlackElo "2261"]
[PlyCount "69"]
[EventDate "2017.01.03"]
[EventType "swiss (blitz)"]
[EventRounds "9"]
[EventCountry "USA"]
[SourceTitle "EXT 2021"]
[Source "ChessBase"]
[SourceDate "2020.10.23"]
[SourceVersion "1"]
[SourceVersionDate "2020.10.23"]
[SourceQuality "1"]

1. d4 Nf6 2. Nf3 d5 3. Bf4 c6 4. e3 Bf5 5. c4 e6 6. Nc3 Nbd7 7. h3 h6 8. Qb3 Qb6 9. c5 Qxb3 10. axb3 a6 11. b4 Rc8 12. Nd2 Be7 13. Nb3 Bd8 14. Na5 Bxa5 15. Rxa5 0-0 16. Bd6 Rfe8 17. f4 Ne4 18. Nxe4 Bxe4 19. Rg1 Bh7 20. g4 Nf6 21. Bg2 Ne4 22. Bxe4 Bxe4 23. Kf2 f6 24. h4 Kf7 25. Raa1 g5 26. fxg5 hxg5 27. hxg5 fxg5 28. Kg3 Kg6 29. Rgf1 Rh8 30. Rf2 Rh4 31. Raf1 Rch8 32. Rf6+ Kg7 33. Rf7+ Kg8 34. Rf8+ Kg7 35. Be5+ 1-0

[Event "Titled Tuesday intern op 3rd Jan 10am"]
[Site "Chess.com INT"]
[Date "2017.01.03"]
[Round "4"]
[White "D'Innocente, Stefano"]
[Black "Talukdar, Rohan Shyam"]
[Result "0-1"]
[WhiteElo "2261"]
[BlackElo "2118"]
[PlyCount "56"]
[EventDate "2017.01.03"]
[EventType "swiss (blitz)"]
[EventRounds "9"]
[EventCountry "USA"]
[SourceTitle "EXT 2021"]
[Source "ChessBase"]
[SourceDate "2020.10.23"]
[SourceVersion "1"]
[SourceVersionDate "2020.10.23"]
[SourceQuality "1"]

1. e4 c5 2. Nf3 d6 3. d4 cxd4 4. Nxd4 Nf6 5. f3 g6 6. c4 Bg7 7. Nc3 Nc6 8. Nc2 0-0 9. Be2 Bd7 10. 0-0 a5 11. Be3 a4 12. Qd2 Qa5 13. Rab1 Rfc8 14. b4 axb3 15. axb3 Ng4 16. b4 Qe5 17. fxg4 Qxc3 18. Qxc3 Bxc3 19. Rb3 Bg7 20. h3 Ra2 21. Rc1 Ne5 22. Ra3 Rxa3 23. Nxa3 Ra8 24. Nc2 Ra2 25. Kf1 Be6 26. Nd4 Bd7 27. Rc2 Rxc2 28. Nxc2 Bc6 0-1

[Event "Titled Tuesday intern op 6th Dec 10am"]
[Site "Chess.com INT"]
[Date "2016.12.06"]
[Round "8"]
[White "Terletsky, Oleg"]
[Black "D'Innocente, Stefano"]
[Result "0-1"]
[WhiteElo "2263"]
[BlackElo "2261"]
[PlyCount "124"]
[EventDate "2016.12.06"]
[EventType "swiss (blitz)"]
[EventRounds "9"]
[EventCountry "USA"]
[SourceTitle "EXT 2021"]
[Source "ChessBase"]
[SourceDate "2020.10.23"]
[SourceVersion "1"]
[SourceVersionDate "2020.10.23"]
[SourceQuality "1"]

1. e4 c5 2. Nf3 d6 3. d4 cxd4 4. Nxd4 Nf6 5. Nc3 a6 6. Be3 e6 7. f3 h5 8. Qd2 Nbd7 9. 0-0-0 b5 10. Bd3 Bb7 11. Qf2 Qa5 12. Kb1 Rc8 13. Nce2 Be7 14. g3 d5 15. exd5 Nxd5 16. Bd2 Qb6 17. f4 b4 18. Ka1 Bf6 19. Rhf1 Nc5 20. Nf3 Nxd3 21. Qxb6 Bxb2+ 22. Kb1 Nxb6 23. cxd3 Bc3 24. Bxc3 bxc3 25. Kc2 Nd5 26. Rb1 Bc6 27. Rfe1 Ba4+ 28. Kc1 0-0 29. Ned4 Rfd8 30. Nc2 g6 31. Ne5 a5 32. Re4 Bxc2 33. Kxc2 Nb4+ 34. Rbxb4 axb4 35. Rxb4 Ra8 36. a4 Rdc8 37. Nc4 Rcb8 38. Rxb8+ Rxb8 39. Kxc3 Kf8 40. a5 Ke7 41. Nb6 Kd6 42. Kc4 Kc6 43. d4 Rb7 44. d5+ exd5+ 45. Nxd5 Ra7 46. a6 Kd6 47. Nb4 h4 48. Kb5 h3 49. Kb6 Ra8 50. Kb7 Re8 51. a7 Re7+ 52. Kb6 Re8 53. Na6 Ra8 54. Kb7 Rxa7+ 55. Kxa7 Kd5 56. Kb6 Ke4 57. Nc5+ Kf3 58. Nd7 Kg2 59. Ne5 Kxh2 60. Nxf7 Kxg3 61. Ne5 h2 62. Nxg6 h1Q 0-1

[Event "Titled Tuesday intern op 2nd Aug"]
[Site "Chess.com INT"]
[Date "2016.08.02"]
[Round "4"]
[White "Bordi, Kevin Claude"]
[Black "D'Innocente, Stefano"]
[Result "1-0"]
[WhiteElo "2269"]
[BlackElo "2261"]
[PlyCount "49"]
[EventDate "2016.08.02"]
[EventType "swiss (blitz)"]
[EventRounds "9"]
[EventCountry "USA"]
[SourceTitle "EXT 2021"]
[Source "ChessBase"]
[SourceDate "2020.10.23"]
[SourceVersion "1"]
[SourceVersionDate "2020.10.23"]
[SourceQuality "1"]

1. d4 Nf6 2. Bg5 Ne4 3. Bh4 d5 4. f3 Nd6 5. Nd2 c6 6. c3 Bf5 7. Qb3 Qb6 8. 0-0-0 Nd7 9. Re1 Qxb3 10. axb3 Bg6 11. e4 e6 12. Bd3 Be7 13. Bxe7 Kxe7 14. Kc2 Rhe8 15. Ne2 Kf8 16. Nf4 a6 17. h4 dxe4 18. fxe4 f6 19. h5 Bf7 20. e5 fxe5 21. dxe5 Nb5 22. Bxh7 Ke7 23. Nf3 Rf8 24. Ng5 Bg8 25. Ng6+ 1-0

[Event "Titled Tuesday intern op 2nd Aug"]
[Site "Chess.com INT"]
[Date "2016.08.02"]
[Round "3"]
[White "D'Innocente, Stefano"]
[Black "Matko, Ognjen"]
[Result "1-0"]
[WhiteElo "2261"]
[BlackElo "2276"]
[PlyCount "129"]
[EventDate "2016.08.02"]
[EventType "swiss (blitz)"]
[EventRounds "9"]
[EventCountry "USA"]
[SourceTitle "EXT 2021"]
[Source "ChessBase"]
[SourceDate "2020.10.23"]
[SourceVersion "1"]
[SourceVersionDate "2020.10.23"]
[SourceQuality "1"]

1. e4 c6 2. d4 d5 3. Nc3 dxe4 4. Nxe4 Nf6 5. Nxf6+ exf6 6. Nf3 Bf5 7. Be2 Bd6 8. 0-0 0-0 9. Be3 Qc7 10. c4 Nd7 11. Qd2 Rfe8 12. Rfd1 Bg4 13. h3 Bh5 14. Rac1 Rad8 15. b4 f5 16. c5 Bf8 17. Bf4 Qc8 18. Qb2 Nf6 19. Bg5 Be7 20. b5 Ne4 21. Bxe7 Rxe7 22. bxc6 bxc6 23. Ne5 Bxe2 24. Qxe2 f6 25. Qc4+ Kf8 26. Nf3 Red7 27. Qc2 Rd5 28. Rb1 Qd7 29. Rdc1 g5 30. Rb4 Qe6 31. Re1 h5 32. Rb7 R8d7 33. Rxd7 Rxd7 34. Qb2 Kg7 35. a4 Kg6 36. Nd2 Qd5 37. Nxe4 fxe4 38. Rd1 f5 39. Qb8 f4 40. Qe8+ Kh6 41. Qh8+ Kg6 42. Qe8+ Kf5 43. Qxh5 Qf7 44. Qg4+ Kg6 45. h4 Qf5 46. Qxf5+ Kxf5 47. hxg5 Kxg5 48. Kf1 Kf5 49. Ke2 Ke6 50. f3 Kd5 51. fxe4+ Kxe4 52. Kf2 Rg7 53. a5 Rg3 54. Re1+ Kxd4 55. Re7 Kxc5 56. Rxa7 Ra3 57. Rf7 Ra4 58. Rf5+ Kd6 59. Kf3 c5 60. Rxf4 Rxa5 61. Rf5 Ra3+ 62. Kf4 c4 63. Rf8 c3 64. Rc8 Kd5 65. Ke3 1-0

[Event "Titled Tuesday intern op 2nd Aug"]
[Site "Chess.com INT"]
[Date "2016.08.02"]
[Round "1"]
[White "D'Innocente, Stefano"]
[Black "Mekhitarian, Krikor Sevag"]
[Result "1/2-1/2"]
[WhiteElo "2261"]
[BlackElo "2550"]
[PlyCount "103"]
[EventDate "2016.08.02"]
[EventType "swiss (blitz)"]
[EventRounds "9"]
[EventCountry "USA"]
[SourceTitle "EXT 2021"]
[Source "ChessBase"]
[SourceDate "2020.10.23"]
[SourceVersion "1"]
[SourceVersionDate "2020.10.23"]
[SourceQuality "1"]

1. e4 c5 2. Nf3 d6 3. d4 cxd4 4. Nxd4 Nf6 5. f3 e5 6. Bb5+ Nbd7 7. Nf5 a6 8. Bxd7+ Qxd7 9. Bg5 Qe6 10. Nc3 g6 11. Ne3 Be7 12. Ncd5 Nxd5 13. Nxd5 Bd8 14. Bxd8 Kxd8 15. 0-0 Bd7 16. c4 Rc8 17. Rc1 Bc6 18. Qd2 Bxd5 19. cxd5 Qe7 20. Qa5+ Rc7 21. Rc3 Kc8 22. Rfc1 Rxc3 23. Rxc3+ Kb8 24. Qb6 Rc8 25. Rc6 Rxc6 26. dxc6 Qc7 27. Qxc7+ Kxc7 28. cxb7 Kxb7 29. Kf2 Kc6 30. Ke3 f5 31. Kd3 Kc5 32. Kc3 a5 33. b3 d5 34. exd5 Kxd5 35. Kd3 Kc5 36. a3 Kb5 37. Ke3 Kc5 38. g3 h5 39. h3 g5 40. g4 hxg4 41. hxg4 fxg4 42. fxg4 Kd5 43. b4 a4 44. Kd3 e4+ 45. Ke3 Kc4 46. Kxe4 Kb3 47. Kd3 Kxa3 48. Kc3 Ka2 49. Kc2 a3 50. b5 Ka1 51. b6 a2 52. b7 1/2-1/2

[Event "Titled Tuesday intern op 2nd Aug"]
[Site "Chess.com INT"]
[Date "2016.08.02"]
[Round "8"]
[White "Martinez Reyes, Pedro Ramon"]
[Black "D'Innocente, Stefano"]
[Result "0-1"]
[WhiteElo "2365"]
[BlackElo "2261"]
[PlyCount "100"]
[EventDate "2016.08.02"]
[EventType "swiss (blitz)"]
[EventRounds "9"]
[EventCountry "USA"]
[SourceTitle "EXT 2021"]
[Source "ChessBase"]
[SourceDate "2020.10.23"]
[SourceVersion "1"]
[SourceVersionDate "2020.10.23"]
[SourceQuality "1"]

1. e4 e5 2. Nf3 Nc6 3. Bb5 a6 4. Ba4 Nf6 5. 0-0 Be7 6. d3 d6 7. a3 0-0 8. Nc3 b5 9. Bb3 Na5 10. Ba2 c5 11. Bg5 Be6 12. Bxf6 Bxf6 13. Bd5 Rc8 14. Qd2 Nc6 15. Rfe1 Nd4 16. Re3 b4 17. Ne2 Bxd5 18. exd5 a5 19. Nfxd4 exd4 20. Re4 g6 21. b3 Qd7 22. Ng3 Bg7 23. a4 Qb7 24. Qg5 h6 25. Qe7 Qxd5 26. Rae1 Qc6 27. h4 d5 28. R4e2 Bf6 29. Qa7 Ra8 30. Re7 Rxa7 31. Rxa7 Bxh4 32. Rxa5 Re8 33. Rxe8+ Qxe8 34. Kf1 Qe7 35. Ne2 Kg7 36. Rb5 Qf6 37. g3 Bg5 38. f4 h5 39. Kg2 h4 40. fxg5 Qxg5 41. Rxc5 Qe3 42. Kf1 Qf3+ 43. Ke1 hxg3 44. Nxg3 Qxg3+ 45. Kd1 Qg1+ 46. Kd2 Qe3+ 47. Kd1 g5 48. a5 g4 49. Rxd5 g3 50. Rxd4 Qxd4 0-1

[Event "Titled Tuesday intern op 2nd Febr"]
[Site "Chess.com INT"]
[Date "2016.02.02"]
[Round "2"]
[White "D'Innocente, Stefano"]
[Black "Boruchovsky, Avital"]
[Result "0-1"]
[WhiteElo "2261"]
[BlackElo "2547"]
[PlyCount "72"]
[EventDate "2016.02.02"]
[EventType "swiss (blitz)"]
[EventRounds "9"]
[EventCountry "USA"]
[SourceTitle "EXT 2021"]
[Source "ChessBase"]
[SourceDate "2020.10.23"]
[SourceVersion "1"]
[SourceVersionDate "2020.10.23"]
[SourceQuality "1"]

1. e4 e5 2. Nf3 Nc6 3. d4 exd4 4. Nxd4 Nf6 5. Nc3 Bb4 6. Nxc6 bxc6 7. Bd3 d5 8. exd5 cxd5 9. 0-0 0-0 10. Bg5 c6 11. Na4 h6 12. Bh4 Re8 13. c4 Bd6 14. cxd5 cxd5 15. Rc1 Be5 16. b3 Qd6 17. Bg3 Bxg3 18. hxg3 Bg4 19. Qd2 Bd7 20. Nc5 Bc6 21. b4 d4 22. Rfd1 Ng4 23. Qf4 Qd5 24. Be4 Qh5 25. Qxg4 Qxg4 26. Bxc6 Rad8 27. Bxe8 Rxe8 28. Rd2 Re2 29. Rcd1 Rxd2 30. Rxd2 h5 31. Nb3 Qe6 32. Rxd4 Qe1+ 33. Kh2 Qxf2 34. Rd2 Qb6 35. a3 Qc7 36. Rd4 Qc3 0-1

[Event "Titled Tuesday intern op 2nd Febr"]
[Site "Chess.com INT"]
[Date "2016.02.02"]
[Round "3"]
[White "Osinovsky, Stepan"]
[Black "D'Innocente, Stefano"]
[Result "1/2-1/2"]
[WhiteElo "2241"]
[BlackElo "2261"]
[PlyCount "70"]
[EventDate "2016.02.02"]
[EventType "swiss (blitz)"]
[EventRounds "9"]
[EventCountry "USA"]
[SourceTitle "EXT 2021"]
[Source "ChessBase"]
[SourceDate "2020.10.23"]
[SourceVersion "1"]
[SourceVersionDate "2020.10.23"]
[SourceQuality "1"]

1. e4 e5 2. Nf3 Nc6 3. Bb5 a6 4. Ba4 Nf6 5. 0-0 Be7 6. Re1 b5 7. Bb3 0-0 8. Nc3 d6 9. Nd5 Na5 10. d4 Nxb3 11. axb3 Bb7 12. Nxe7+ Qxe7 13. Bg5 h6 14. Bh4 Rad8 15. d5 Rc8 16. c4 c6 17. h3 cxd5 18. cxd5 Rc5 19. Qd2 Rfc8 20. Rab1 Rc2 21. Qe3 Ba8 22. Rec1 b4 23. Rxc2 Rxc2 24. Rc1 Rxc1+ 25. Qxc1 Bb7 26. Bxf6 Qxf6 27. Qc7 Qf4 28. Qxb7 Qc1+ 29. Kh2 Qf4+ 30. Kg1 Qc1+ 31. Kh2 Qf4+ 32. Kg1 Qc1+ 33. Kh2 Qf4+ 34. Kg1 Qc1+ 35. Kh2 Qf4+ 1/2-1/2